[Event "XVIII Open"]
[Site "Andorra AND"]
[Date "2000.06.28"]
[Round "5"]
[White "Hamdouchi,H"]
[Black "Jansa,V"]
[Result "1-0"]
[WhiteElo "2513"]
[BlackElo "2458"]

1.e4 c5 2.Nf3 e6 3.d4 cxd4 4.Nxd4 Nc6 5.Nc3 Qc7 6.g3 a6 7.Bg2 Nf6 8.O-O d6
9.Re1 Rb8 10.b3 Be7 11.Nxc6 bxc6 12.Na4 Nd7 13.Bb2 O-O 14.Qd2 Bb7 15.Rad1 Rfe8
16.Bc3 Rbc8 17.Bb4 c5 18.Ba5 Qb8 19.Nb2 Ne5 20.Nc4 Nxc4 21.bxc4 Qa8 22.f4 Bc6
23.Bc3 Bf8 24.g4 Rcd8 25.Qf2 Rd7 26.Rd3 f6 27.Rh3 Rf7 28.Qh4 h6 29.Qh5 Be7
30.Qg6 Kf8 31.g5 fxg5 32.Rxh6 Bf6 33.Bxf6 Rxf6 34.Rh8+ Ke7 35.Qxg7+ Rf7 36.Qxg5+ Kd7
37.Rxe8 Qxe8 38.Rd1 Qf8 39.Qxc5 Rg7 40.Qa7+ Kc8 41.Qxa6+ Kc7 42.Qa7+ Kc8
43.Qe3 Rg4 44.h3 Rg6 45.Kh2 Qg7 46.Rd2 e5 47.f5 Rf6 48.c5 dxc5 49.Qxc5 Qg5
50.Rf2 Qh4 51.Rf1  1-0

[Event "XVIII Open"]
[Site "Andorra AND"]
[Date "2000.06.28"]
[Round "5"]
[White "Giaccio,A"]
[Black "Ivanov,J"]
[Result "0-1"]
[WhiteElo "2508"]
[BlackElo "2440"]

1.e4 c5 2.Nf3 Nc6 3.d4 cxd4 4.Nxd4 e6 5.Nc3 Qc7 6.f4 a6 7.Be3 b5 8.Nb3 d6
9.Bd3 Bb7 10.Qe2 Nf6 11.O-O Be7 12.a4 b4 13.Nb1 Na5 14.Nxa5 Qxa5 15.Nd2 d5
16.e5 Ne4 17.f5 exf5 18.Rxf5 g6 19.Rff1 Bc5 20.Nb3 Bxe3+ 21.Qxe3 Qc7 22.Bxe4 dxe4
23.Nc5 Rc8 24.Nxb7 Qxb7 25.Qh6 Rxc2 26.Rac1 b3 27.Qg7 Rf8 28.Rcd1 Qb6+ 29.Kh1 e3
30.e6 Qxe6 31.Qd4 f5 32.Rf3 e2 33.Re1 Kf7 34.Re3 Rd8 35.Qa7+ Rd7 36.Rxe6 Rxa7
37.R6xe2 Rxe2 38.Rxe2 Re7 39.Rxe7+ Kxe7 40.Kg1 Kd6  0-1

[Event "ch-SWE"]
[Site "Orebro SWE"]
[Date "2000.07.05"]
[Round "4"]
[White "Wedberg,T"]
[Black "Cramling,P"]
[Result "1/2-1/2"]
[WhiteElo "2473"]
[BlackElo "2484"]

1.e4 c5 2.Nf3 e6 3.d4 cxd4 4.Nxd4 Nc6 5.Nc3 Qc7 6.g3 a6 7.Bg2 Nf6 8.O-O Bc5
9.Nxc6 dxc6 10.Na4 Ba7 11.c4 h5 12.c5 h4 13.Be3 e5 14.Nb6 Bxb6 15.cxb6 Qe7
16.Rc1 hxg3 17.hxg3 Bg4 18.f3 Bh3 19.Bc5 Qe6 20.Qd6 Rd8 21.Bxh3 Rxd6 22.Bxe6 Rxe6
23.Rfd1 Nd7 24.Be3 Ke7 25.b4 Rd6 26.Rxd6 Kxd6 27.Bc5+ Nxc5 28.bxc5+ Ke7 29.Rd1 g5
30.Kg2 Rh6 31.Rd2 Rh8 32.Kg1 Ke6 33.Rd6+ Ke7 34.Kg2 Rh5 35.Rd3 Rh6 36.Rd2 Rh5
37.a4 a5 38.Rd1 Rh8 39.Rd6 Rh5 40.Rd2 Rh6 41.Rd1  1/2-1/2

[Event "Schuhplattler Veterans vs Ladies"]
[Site "Munich GER"]
[Date "2000.07.06"]
[Round "3"]
[White "Ioseliani,N"]
[Black "Taimanov,M"]
[Result "1-0"]
[WhiteElo "2476"]
[BlackElo "2418"]

1.e4 c5 2.Nf3 e6 3.d4 cxd4 4.Nxd4 Nc6 5.Nc3 Qc7 6.Be2 a6 7.O-O b5 8.Nxc6 Qxc6
9.Bf3 Qc7 10.Re1 Ne7 11.g3 d6 12.Bf4 e5 13.Be3 Be6 14.Qd2 Nc6 15.a4 bxa4
16.Rxa4 Be7 17.Nd5 Bxd5 18.Qxd5 O-O 19.Rc4 Qa5 20.b4 Qxd5 21.exd5 Nb8 22.Rc7 Bd8
23.Rb7 f5 24.c4 Rf7 25.Rxf7 Kxf7 26.c5 Nd7 27.Ra1 Bf6 28.Ra5 f4 29.gxf4 exf4
30.Bxf4 dxc5 31.d6 Ra7 32.bxc5 Bd8 33.Ra2 Nxc5 34.Be3 Bb6 35.Rb2 Na4 36.Bxb6 Rd7
37.Rb4 Rxd6 38.Bd4  1-0

[Event "Schuhplattler Veterans vs Ladies"]
[Site "Munich GER"]
[Date "2000.07.08"]
[Round "5"]
[White "Xie Jun"]
[Black "Korchnoi,V"]
[Result "1/2-1/2"]
[WhiteElo "2568"]
[BlackElo "2620"]

1.e4 c5 2.Nf3 Nc6 3.d4 cxd4 4.Nxd4 e6 5.Nc3 d6 6.Be3 Nf6 7.f3 Be7 8.Qd2 O-O
9.g4 d5 10.g5 Nh5 11.Rg1 dxe4 12.Nxe4 Qd5 13.c4 Qd7 14.O-O-O e5 15.Nb5 Qxd2+
16.Rxd2 Rd8 17.Nc7 Rxd2 18.Nxd2 Rb8 19.Nd5 Bf8 20.Bd3 Be6 21.Be4 Rc8 22.Kb1 b6
23.Rd1 Ne7 24.b3 Nf5 25.Bxf5 Bxf5+ 26.Ne4 f6 27.Kb2 Rc6 28.gxf6 gxf6 29.Ndc3 Rc7
30.Nb5 Rg7 31.Rd8 Bxe4 32.fxe4 Nf4 33.Kc2 Ne6 34.Ra8 Rg2+ 35.Kd3 Rxa2 36.Rxa7 Rxh2
37.Nc3 Rh3 38.Ke2 Nf4+ 39.Bxf4 Rxc3 40.Be3 Rxb3 41.Rb7 Rb4 42.Rxb6 Rxc4 43.Kd3 Ra4
44.Rxf6 Bg7 45.Rf5 h6 46.Bb6 Ra6 47.Bc7 Re6 48.Bb8 Re8 49.Bc7 Kh7 50.Ke3 Kg6
51.Kf3 h5 52.Kg3 Bf6 53.Kh3  1/2-1/2

[Event "ch-SWE"]
[Site "Orebro SWE"]
[Date "2000.07.10"]
[Round "8"]
[White "Hector,J"]
[Black "Cramling,P"]
[Result "0-1"]
[WhiteElo "2509"]
[BlackElo "2484"]

1.e4 c5 2.Nf3 e6 3.d4 cxd4 4.Nxd4 Nc6 5.Nc3 Qc7 6.Be3 a6 7.Bd3 Nf6 8.O-O Ne5
9.Be2 d6 10.f4 Nc4 11.Bf2 Nxb2 12.Qe1 Bd7 13.Rb1 Na4 14.Nxa4 Bxa4 15.e5 dxe5
16.fxe5 Nd7 17.Bh5 g6 18.Bg4 Nc5 19.Rb4 Bd7 20.Kh1 Bg7 21.Nf3 O-O 22.Bh3 Bb5
23.Rg1 Nd7 24.Bg3 Rac8 25.Rh4 Qc3 26.a4 Qxe1 27.Rxe1 Bc6 28.Rd4 a5 29.Ng5 Nc5
30.Bf2 b6 31.Rd6 Bxa4 32.Rxb6 Bxc2 33.Bd4 Nd3 34.Rf1 Bxe5 35.Bxe5 Nxe5 36.Rb7 Bd3
37.Re1 Bf5 38.Rb5 Nd3 39.Ra1 Nf2+ 40.Kg1 Nxh3+ 41.gxh3 h6  0-1

[Event "Schuhplattler Veterans vs Ladies"]
[Site "Munich GER"]
[Date "2000.07.11"]
[Round "7"]
[White "Xie Jun"]
[Black "Taimanov,M"]
[Result "1-0"]
[WhiteElo "2568"]
[BlackElo "2418"]

1.e4 c5 2.Nf3 e6 3.d4 cxd4 4.Nxd4 Nc6 5.Nc3 Qc7 6.Be2 a6 7.O-O Nf6 8.Kh1 Bb4
9.Nxc6 Qxc6 10.Bd3 b5 11.Bd2 Bb7 12.f3 O-O 13.e5 Bxc3 14.Bxc3 Nd5 15.Bd2 d6
16.Qe2 dxe5 17.Qxe5 Qc7 18.Qe4 g6 19.Rfe1 Rfe8 20.Qh4 Qe7 21.Qxe7 Rxe7 22.a4 b4
23.a5 Rd7 24.Bc4 Nb6 25.Bd3 Nd5 26.b3 Rc8 27.Re4 Rc6 28.Bxb4 f5 29.Rd4 e5
30.Rc4 Nxb4 31.Rxb4 Kg7 32.Kg1 Rc3 33.Re1 Rc5 34.Rb6 e4 35.b4 Rc3 36.fxe4 fxe4
37.Bxe4 Bxe4 38.Rxe4 Rxc2 39.h3 Rd5 40.Rb7+ Kf6 41.Rxh7 Rg5 42.Rf4+ Ke6 43.Rf2 Rc1+
44.Kh2 Rb1 45.Rb7 Kd5 46.Rb6 Ke4 47.Rf3 Rb2 48.Rg3 Rxg3 49.Kxg3 Kf5 50.Rxa6 Rxb4
51.Rb6 Ra4 52.Rb5+ Kf6 53.h4 Kg7 54.Rg5 Kh6 55.Kh3 Ra3+ 56.g3 Ra2 57.Kg4 Rf2
58.h5 gxh5+ 59.Rxh5+ Kg7 60.Rb5  1-0

[Event "29th ch-GRE Team"]
[Site "Athens GRE"]
[Date "2000.07.13"]
[Round "8"]
[White "Tsiamis,K"]
[Black "Mastrovasilis,D"]
[Result "0-1"]
[WhiteElo "2158"]
[BlackElo "2381"]

1.e4 c5 2.Nf3 e6 3.d4 cxd4 4.Nxd4 Nc6 5.Nc3 a6 6.Be2 Qc7 7.Be3 Nf6 8.O-O Bb4
9.Na4 O-O 10.Nxc6 bxc6 11.Nb6 Rb8 12.Nxc8 Rfxc8 13.Bxa6 Rf8 14.Bd3 Bd6 15.h3 Be5
16.Rb1 Bxb2 17.c4 c5 18.Qc2 Bd4 19.Bxd4 cxd4 20.c5 h6 21.a4 Ra8 22.Rb4 e5
23.Rfb1 Ra5 24.Rb5 Rc8 25.R1b4 Qa7 26.Rxa5 Qxa5 27.Rc4 Rc6 28.g3 h5 29.Kg2 h4
30.g4 Nh7 31.Qb3 Nf8 32.Rc1 Ng6 33.Bc4 Rf6 34.Rf1 Qxc5 35.Bd5 Qa5 36.g5 Rf4
37.Qb5 Qd8 38.a5 Qxg5+ 39.Kh2 Rf3 40.Qb8+ Kh7  0-1

[Event "t-EuCh U18"]
[Site "Balatonlelle HUN"]
[Date "2000.07.15"]
[Round "7"]
[White "Gombac,Jan"]
[Black "Schenk,Andreas"]
[Result "1-0"]
[WhiteElo "2215"]
[BlackElo "2325"]

1.e4 c5 2.Nf3 e6 3.d4 cxd4 4.Nxd4 Nc6 5.Nc3 Qc7 6.Be2 a6 7.O-O Nf6 8.Kh1 Nxd4
9.Qxd4 Bc5 10.Qd2 b5 11.Qg5 Bd4 12.Bf4 d6 13.Rad1 Bxc3 14.Bxd6 Qd8 15.bxc3 Nxe4
16.Qxg7 Qf6 17.Qxf6 Nxf6 18.Be5 Ke7 19.Bf3 Ra7 20.Bd6+ Ke8 21.Bb8 Rd7 22.Bc6 Rg8
23.f3 Rg5 24.Rd3 Rc5 25.Bxd7+ Bxd7 26.Re1 Bc6 27.Bd6 Rc4 28.Be5 Nd7 29.Bg7 Ke7
30.Rd4 Rc5 31.Rh4 h5 32.Bd4 Rf5 33.Kg1 Bd5 34.a3 Kd6 35.Bf2 Kc6 36.a4 Bc4
37.axb5+ axb5 38.Bg3 Bd5 39.Rf4 Rxf4 40.Bxf4 f6 41.Kf2 e5 42.Be3 Bf7 43.g4 Nf8
44.Ra1 hxg4 45.fxg4 Be6 46.Kg3 Kd5 47.Rf1 Nh7 48.h4 Ke4 49.Re1 Bf7 50.Bh6+ Kd5
51.Bg7 Bg6 52.Re2 Ke6 53.h5 Be8 54.Rf2 Bc6 55.Kh4 Be4 56.Re2 Bf3 57.Re1 Bc6
58.Ra1 Kf7 59.Ra7+ Kg8 60.Bxf6  1-0

[Event "ch-Paris"]
[Site "Paris FRA"]
[Date "2000.07.15"]
[Round "1"]
[White "Rudiano,N"]
[Black "Szabolcsi,J"]
[Result "0-1"]
[WhiteElo "2130"]
[BlackElo "2411"]

1.e4 c5 2.Nf3 e6 3.d4 cxd4 4.Nxd4 Nc6 5.Nc3 Qc7 6.Be2 a6 7.a3 Nf6 8.O-O Be7
9.Be3 Na5 10.Qd3 b5 11.f4 d6 12.Rad1 Bb7 13.Bf3 O-O 14.Nce2 Rfe8 15.c3 Bf8
16.Kh1 Nc4 17.Bc1 e5 18.fxe5 Nxe5 19.Qc2 Nxf3 20.Nxf3 Bxe4 21.Qd2 d5 22.Ned4 Bd6
23.Qg5 Qd7 24.h3 Bg6 25.Bf4 h6 26.Qh4 Nh5 27.Bxd6 Qxd6 28.Rfe1 Re4 29.Rxe4 dxe4
30.Nh2 Re8 31.Nf1 f5 32.Ne3 Ng3+ 33.Kg1 f4 34.Ng4 e3 35.Re1 Be4 36.Nxe3 Bb7
37.Nec2 Rxe1+ 38.Nxe1 Qe5 39.Nef3 Qe3+ 40.Kh2 Qc1 41.Ng1 Qxb2 42.Ndf3 Qc1
43.Qg4 Be4 44.Nh4 Kh7 45.Nhf3 Qe3 46.Qh4 Bd5 47.Ng5+ Kg8 48.N5f3 Bxf3 49.Nxf3 Ne2
50.Qg4 Qe8 51.Nd4 Nxc3 52.Nf5 g6 53.Nd6 h5 54.Qxf4 Qe6 55.Nb7 Ne4 56.Nd8 Qd6
57.Qxd6 Nxd6 58.Ne6 Kf7 59.Nc7 a5 60.Kg3 b4 61.axb4 a4 62.Nd5 a3 63.Ne3 Nf5+  0-1

[Event "ch-POL women"]
[Site "Brzeg Dolny POL"]
[Date "2000.07.16"]
[Round "11"]
[White "Dworakowska,J"]
[Black "Blimke,D"]
[Result "1/2-1/2"]
[WhiteElo "2371"]
[BlackElo "2257"]

1.e4 c5 2.Nf3 e6 3.d4 cxd4 4.Nxd4 Nc6 5.Nc3 Qc7 6.Be2 a6 7.O-O Nf6 8.Kh1 Nxd4
9.Qxd4 Bc5 10.Qd3 b5 11.f4 Bb7 12.Bf3 O-O 13.e5 Ne8 14.Bxb7 Qxb7 15.f5 f6
16.Bf4 Be7 17.Rae1 fxe5 18.Bxe5 Qc6 19.fxe6 Rxf1+ 20.Rxf1 dxe6 21.Ne4 Qd5
22.Qf3 h6 23.Qf4 Rc8 24.Nc3 Qc4 25.Qf7+ Kh8 26.Rf4 Qc5 27.Qxe6 Bf6 28.Bxf6 Nxf6
29.Rf1 b4 30.Ne4 Nxe4 31.Qxe4 Qxc2 32.Qxb4 Re8 33.h3 Re2 34.Qg4 Qe4 35.Rf8+ Kh7
36.Qxe4+ Rxe4 37.Rb8 Re2 38.Rb6 a5 39.Kh2 a4 40.a3 h5 41.Kg3 g6 42.Kf3 Rc2
43.g4 Kh6 44.Kg3 Rd2 45.Rb8 Rd3+ 46.Kg2 h4 47.Rb5 Rg3+ 48.Kh1 Rd3 49.Kg1  1/2-1/2

[Event "WIPRO GM"]
[Site "Hyderabad IND"]
[Date "2000.07.16"]
[Round "1"]
[White "Prasad,D"]
[Black "Fominyh,A"]
[Result "1/2-1/2"]
[WhiteElo "2431"]
[BlackElo "2594"]

1.e4 c5 2.Nf3 Nc6 3.d4 cxd4 4.Nxd4 e6 5.Nc3 Qc7 6.Be2 a6 7.O-O Bc5 8.Be3 Nce7
9.e5 b6 10.f4 Bb7 11.Bf3 Nh6 12.Qd3 Bxf3 13.Rxf3 Ng4 14.Nce2 Nxe3 15.Rxe3 d6
16.exd6 Qxd6 17.c3 O-O 18.Kh1 Rfd8 19.Rh3 g6 20.Qe4 Nf5 21.Rd1 Qd5 22.Qxd5 Rxd5
23.Rhd3 Rad8 24.g4 Ne7 25.b4 Bxd4 26.c4 R5d7 27.Rxd4 Rxd4 28.Rxd4 Rc8 29.a3  1/2-1/2

[Event "ch-Paris"]
[Site "Paris FRA"]
[Date "2000.07.16"]
[Round "2"]
[White "Chomet,P"]
[Black "Bakus,M"]
[Result "1/2-1/2"]
[WhiteElo "2384"]
[BlackElo "2170"]

1.e4 c5 2.Nc3 e6 3.Nf3 Nc6 4.d4 cxd4 5.Nxd4 a6 6.Nxc6 bxc6 7.Bd3 d5 8.O-O Nf6
9.Qe2 Be7 10.Bg5 Bb7 11.Rae1 O-O 12.f4 Re8 13.e5 Nd7 14.Bxe7 Qxe7 15.Na4 Nc5
16.Nxc5 Qxc5+ 17.Kh1 a5 18.Rf3 g6 19.Ref1 Qe7 20.Rg3 c5 21.c4 Red8 22.Kg1 dxc4
23.Bxc4 Rd4 24.b3 Rad8 25.Rd3 Rxd3 26.Bxd3 Rd4 27.Bc4 Qd7 28.Qe3 Qc6 29.Qg3 Rd2
30.Rf2 Rd1+ 31.Rf1  1/2-1/2

[Event "ch-Paris"]
[Site "Paris FRA"]
[Date "2000.07.16"]
[Round "2"]
[White "Ricou,P"]
[Black "Te,R"]
[Result "0-1"]
[WhiteElo "2107"]
[BlackElo "2280"]

1.e4 c5 2.Nf3 Nc6 3.d4 cxd4 4.Nxd4 e6 5.Nc3 Qc7 6.g3 a6 7.Bg2 Nf6 8.O-O d6
9.Be3 Be7 10.Qe2 O-O 11.Rad1 Bd7 12.f4 Nxd4 13.Bxd4 e5 14.Be3 Bg4 15.Bf3 Bxf3
16.Qxf3 b5 17.a3 Rab8 18.fxe5 dxe5 19.Bg5 Rb6 20.Kh1 b4 21.axb4 Bxb4 22.Bxf6 Rxf6
23.Nd5 Rxf3 24.Nxc7 Re3 25.Nxa6 Rxe4 26.Nxb4 Rxb4 27.b3 Rb7 28.Rd5 f6 29.Rfd1 Rc8
30.Rd8+ Rxd8 31.Rxd8+ Kf7 32.Kg2 Ke6 33.Kf3 f5 34.Re8+ Kd5 35.Rd8+ Ke6 36.Re8+ Kd6
37.Rd8+ Ke7 38.Rg8 Kf7 39.Rc8 h5 40.h4 Rb6 41.Rc4 Ke6 42.Ke3 Kd5 43.Rc8 Rb4
44.Rd8+ Ke6 45.Re8+ Kd6 46.Rf8 Ke6 47.Re8+ Kf6 48.Rf8+ Kg6 49.Kf3 Rb6 50.Rc8 Kf6
51.Rf8+ Ke6 52.Re8+ Kd5 53.Rd8+ Kc5 54.Rh8 g6 55.Rc8+ Kb4 56.Rc4+ Ka3 57.Ke3 Kb2
58.b4 e4 59.c3 Kc2 60.Rc5 Rd6 61.b5 Kd1 62.Rc6 Rd3+ 63.Kf4 e3 64.Rxg6 e2
65.Re6 Rxc3 66.b6 e1=Q 67.Rxe1+ Kxe1 68.Kxf5 Rxg3 69.Kf6 Kf2 70.Kf7 Rb3 71.Kg6 Kg3  0-1

[Event "Politiken Cup"]
[Site "Copenhagen DEN"]
[Date "2000.07.17"]
[Round "1"]
[White "De Firmian,N"]
[Black "Auchenberg,P"]
[Result "1-0"]
[WhiteElo "2567"]
[BlackElo "2006"]

1.e4 c5 2.Nf3 e6 3.d4 cxd4 4.Nxd4 Nc6 5.Nc3 Qc7 6.Be2 a6 7.O-O Nf6 8.Kh1 d6
9.a4 Be7 10.f4 Nxd4 11.Qxd4 e5 12.Qd3 exf4 13.Bxf4 Be6 14.Qg3 O-O-O 15.Rfd1 g5
16.Be3 Nd7 17.Qf2 Rde8 18.Bd4 Rhg8 19.b4 Ne5 20.b5 a5 21.Qe3 Nc4 22.Qf2 g4
23.Nd5 Bxd5 24.exd5 Ne5 25.Bb6 Qd7 26.Bxa5 g3 27.Qa7  1-0

[Event "ch-Paris"]
[Site "Paris FRA"]
[Date "2000.07.17"]
[Round "3"]
[White "Jeanjean,D"]
[Black "Szabolcsi,J"]
[Result "0-1"]
[WhiteElo "2061"]
[BlackElo "2411"]

1.e4 c5 2.Nf3 e6 3.d4 cxd4 4.Nxd4 Nc6 5.Nc3 Qc7 6.Be2 a6 7.Be3 Nf6 8.O-O Bb4
9.Na4 O-O 10.Nxc6 bxc6 11.Nb6 Rb8 12.Nxc8 Rfxc8 13.Bxa6 Rd8 14.Bd3 Bd6 15.Kh1 Be5
16.c3 Rxb2 17.Rc1 d5 18.f4 dxe4 19.fxe5 Rxd3 20.Qa4 Rxe3 21.exf6 gxf6 22.Qd4 Rh3
23.Qg1 Rh6 24.Rfe1 f5 25.a4 Rg6 26.Rb1 Rbxg2 27.Qxg2 Rxg2 28.Kxg2 Qe5 29.Ra1 f4
30.a5 f3+ 31.Kf2 Qc5+ 32.Kg3 f2  0-1

[Event "WIPRO GM"]
[Site "Hyderabad IND"]
[Date "2000.07.18"]
[Round "3"]
[White "Aarthie,R"]
[Black "Ganguly,S"]
[Result "0-1"]
[WhiteElo "2319"]
[BlackElo "2498"]

1.e4 c5 2.Nf3 e6 3.d4 cxd4 4.Nxd4 Nc6 5.Nc3 Qc7 6.Be2 a6 7.O-O Nf6 8.Be3 Bb4
9.Na4 Be7 10.Nxc6 bxc6 11.Nb6 Rb8 12.Nxc8 Qxc8 13.e5 Nd5 14.Bc1 Bc5 15.c4 Ne7
16.b3 Qc7 17.Bb2 Ng6 18.Qd3 O-O 19.Qe4 d6 20.exd6 Bxd6 21.g3 Rfd8 22.Rad1 Qa5
23.Qb1 Be5 24.Bd3 f5 25.c5 Qxc5 26.Bc4 Kh8 27.Bxe6 f4 28.Bxe5 Nxe5 29.Rxd8+ Rxd8
30.Qe4 f3 31.Bg4 Qd5 32.Qf4 Qd4 33.Qxd4 Rxd4 34.Bc8 a5 35.Re1 g6 36.h3 Rd5
37.Ba6 Kg7 38.Bc4 Rc5 39.Re4 a4 40.Kf1 Nxc4 41.bxc4 Kf6 42.g4 g5 43.Re3 Rxc4
44.Rxf3+ Ke6 45.Ke1 Rb4 46.Kd1 Rb2 47.Rf5 h6 48.f4 gxf4 49.Rxf4 Rxa2 50.h4 a3
51.Ra4 Rg2 52.Rxa3 Rxg4 53.Rh3 h5 54.Kc2 Kd5 55.Kc3 c5 56.Rd3+ Kc6 57.Rf3 Kb5
58.Kb3 Rb4+ 59.Kc2 Rc4+ 60.Kb2 Kc6 61.Kb3 Kd5 62.Rd3+ Rd4 63.Rh3 c4+ 64.Kc2 Rf4
65.Kc3 Rg4 66.Rh1 Rg3+ 67.Kc2 Ke4 68.Kd2 Kd4 69.Rf1 Rg4 70.Rh1 Rg2+ 71.Kc1 Kc3
72.Rh3+ Kb4 73.Rf3  0-1

[Event "Politiken Cup"]
[Site "Copenhagen DEN"]
[Date "2000.07.19"]
[Round "3"]
[White "De Firmian,N"]
[Black "Tozer,R"]
[Result "1-0"]
[WhiteElo "2567"]
[BlackElo "2317"]

1.e4 c5 2.Nf3 Nc6 3.Nc3 e6 4.d4 cxd4 5.Nxd4 Qc7 6.Be2 a6 7.O-O Nf6 8.Kh1 Bb4
9.Nxc6 bxc6 10.f4 d5 11.e5 Nd7 12.Na4 O-O 13.c4 Nb6 14.Be3 Nxc4 15.Bxc4 dxc4
16.Nb6 Rb8 17.Nxc4 Be7 18.Rc1 c5 19.Qe2 Rd8 20.b3 Rd5 21.Qf2 Bd7 22.Bd2 Bb5
23.Ba5 Qd7 24.Rfe1 Rd4 25.Ne3 Bc6 26.h3 h6 27.Kh2 Ba8 28.Nc4 Qc6 29.Re2 Rf8
30.Rce1 Bb7 31.Bd2 Ba8 32.Be3 Rd3 33.Rc2 Rfd8 34.Nb2 R3d5 35.Na4 Qb5 36.Nc3 Qb7
37.Nxd5 Rxd5 38.Rec1 Kh7 39.Bxc5 Bxc5 40.Rxc5 Rd3 41.R1c3 Rd1 42.Rc7 Qd5
43.Qc2+  1-0

[Event "ch-SCO"]
[Site "Glasgow SCO"]
[Date "2000.07.19"]
[Round "5"]
[White "Parkin,J"]
[Black "Roberts,P"]
[Result "1-0"]
[WhiteElo "2140"]
[BlackElo "2148"]

1.e4 c5 2.Nf3 e6 3.d4 cxd4 4.Nxd4 Nc6 5.Nc3 Qc7 6.g3 d6 7.Ndb5 Qb8 8.Bf4 Ne5
9.Bxe5 dxe5 10.Qd2 Nf6 11.O-O-O Be7 12.Nd6+ Bxd6 13.Qxd6 Qxd6 14.Rxd6 Ke7
15.Rd2 Bd7 16.f3 a6 17.b3 Bc6 18.a4 a5 19.Bb5 Rhd8 20.Bxc6 bxc6 21.Nd1 Nd7
22.Ne3 Nb6 23.Rhd1 Rxd2 24.Kxd2 Kd6 25.Kc3+ Kc7 26.Nc4 Nxc4 27.Kxc4 Kb6 28.Rd7 Rf8
29.c3 g5 30.b4 h5 31.h3 g4 32.hxg4 hxg4 33.fxg4 Rg8 34.bxa5+ Kxa5 35.Kc5 Kxa4
36.Rxf7 Rxg4 37.Rf3 Rxe4 38.c4 Re1 39.g4 e4 40.Rg3 e3 41.g5 e2 42.Rg2 Rf1
43.Rxe2 Rf5+ 44.Kxc6 Rxg5 45.Rb2 Rg4 46.c5 e5 47.Kb6 e4 48.c6 e3 49.c7 Rc4
50.Kb7 Ka3 51.Re2 Rb4+ 52.Kc6 Rc4+ 53.Kd6 Rc3 54.Rxe3 Rxe3 55.c8=Q Rd3+ 56.Ke5 Rb3
57.Qa6+ Kb2 58.Kd4 Kb1 59.Qe2 Rb2 60.Qd1+ Ka2 61.Kc3 Rb8 62.Qd5+ Ka1 63.Qh1+ Ka2
64.Qh2+  1-0

[Event "Politiken Cup"]
[Site "Copenhagen DEN"]
[Date "2000.07.20"]
[Round "4"]
[White "Laursen,N"]
[Black "Matthiesen,M"]
[Result "1-0"]
[WhiteElo "2079"]
[BlackElo "2300"]

1.e4 c5 2.Nc3 Nc6 3.Nf3 e6 4.d4 cxd4 5.Nxd4 Qc7 6.g3 a6 7.Bg2 Nf6 8.O-O Be7
9.Kh1 O-O 10.f4 d6 11.Nb3 b5 12.a3 Bb7 13.g4 Nd7 14.Rf3 Rfe8 15.Rh3 Bf8 16.Qe1 Qd8
17.Qf2 g6 18.Be3 Bg7 19.Rd1 Qe7 20.Qd2 Bf8 21.Qf2 Rad8 22.g5 f5 23.exf5 gxf5
24.Nd4 Nxd4 25.Bxb7 Nc5 26.Bg2 e5 27.Nd5  1-0

[Event "Open"]
[Site "Dieren NED"]
[Date "2000.07.20"]
[Round "3"]
[White "Hendriks,R"]
[Black "Smorenberg,J"]
[Result "1-0"]
[WhiteElo "2098"]
[BlackElo "2127"]

1.e4 c5 2.Nf3 e6 3.d4 cxd4 4.Nxd4 Nc6 5.Nc3 Qc7 6.g3 a6 7.Bg2 d6 8.O-O Bd7
9.Nce2 Be7 10.Nxc6 bxc6 11.b3 Nf6 12.Bb2 O-O 13.h3 e5 14.g4 Rad8 15.c4 Be6
16.Ng3 Rfe8 17.Qe2 Nd7 18.Rad1 a5 19.Nf5 Bf8 20.Qd2 Nc5 21.Bc3 Nb7 22.Kh1 a4
23.f4 Rd7 24.Nxg7 Bxg7 25.f5 Bxf5 26.Rxf5 axb3 27.axb3 Nc5 28.b4 Nb3 29.Qg5 Qd8
30.Qh5 Re6 31.g5 c5 32.bxc5 Nxc5 33.Rdf1 Ree7 34.h4 Ne6 35.Qg4 Qc8 36.h5 Qxc4
37.Bd2 Nd4 38.R5f2 Qe6 39.Qh4 Ra7 40.Rc1 Ra3 41.Rf6 Qd7 42.Bb4 Ra6 43.Bh3 Ne6
44.Rf2 Qb7 45.Bd2 Ra4 46.Bf5 Bf8 47.g6 Ng7 48.gxh7+ Kh8 49.Qf6 Rxe4 50.Bxe4 Qxe4+
51.Rg2 Kxh7 52.Qh6+ Kg8 53.Rc8 f6 54.Qxf6 Rf7 55.Rxf8+  1-0

[Event "10th Open"]
[Site "Jyvaskyla FIN"]
[Date "2000.07.20"]
[Round "4"]
[White "Holmsten,A"]
[Black "Luukkonen,T"]
[Result "1-0"]
[WhiteElo "2383"]
[BlackElo "2156"]

1.e4 c5 2.Nf3 e6 3.d4 cxd4 4.Nxd4 Nc6 5.Nc3 Qc7 6.Be3 a6 7.a3 Nf6 8.Be2 Be7
9.O-O O-O 10.f4 d6 11.Qe1 Nxd4 12.Bxd4 e5 13.fxe5 dxe5 14.Qg3 Bc5 15.Bxc5 Qxc5+
16.Kh1 Ne8 17.b4 Qc7 18.Nd5 Qxc2 19.Bf3 Be6 20.Qxe5 Bxd5 21.Qxd5 Nc7 22.Qxb7 Rfb8
23.Rac1 Qxc1 24.Qxb8+ Rxb8 25.Rxc1 Nb5 26.Be2 Nxa3 27.Bxa6 Kf8 28.b5 Ke7
29.e5 Kd7 30.Rc5 Rb6 31.Kg1 f6 32.exf6 Rxf6 33.Rc3 Nb1 34.Rd3+ Kc7 35.Rd1 Na3
36.Ra1 Nc4 37.Rc1 Rf4 38.Rxc4+ Rxc4 39.b6+ Kxb6 40.Bxc4 Kc5 41.Bg8 h6 42.Kf2 Kd4
43.Kf3 Ke5 44.Kg4 g6 45.Ba2  1-0

[Event "Politiken Cup"]
[Site "Copenhagen DEN"]
[Date "2000.07.21"]
[Round "5"]
[White "Nilsson,L"]
[Black "Skytte,R"]
[Result "1/2-1/2"]
[WhiteElo "2061"]
[BlackElo "2323"]

1.e4 c5 2.Nf3 Nc6 3.d4 cxd4 4.Nxd4 e6 5.Nc3 Qc7 6.Be2 a6 7.O-O Nf6 8.Be3 Bb4
9.Nxc6 dxc6 10.Na4 O-O 11.Bb6 Qe7 12.a3 Bd6 13.e5 Bxe5 14.Bc5 Qc7 15.Bxf8 Kxf8
16.f4 Bd6 17.c4  1/2-1/2

[Event "10th Open"]
[Site "Jyvaskyla FIN"]
[Date "2000.07.21"]
[Round "5"]
[White "Rytshagov,M"]
[Black "Seeman,T"]
[Result "1/2-1/2"]
[WhiteElo "2529"]
[BlackElo "2398"]

1.e4 c5 2.Nf3 e6 3.d4 cxd4 4.Nxd4 Nc6 5.Nc3 d6 6.Be3 Nf6 7.f4 e5 8.Nf3 Ng4
9.Qd2 Nxe3 10.Qxe3 exf4 11.Qxf4 Be7 12.O-O-O O-O 13.Kb1 Be6 14.Nd5 Rc8 15.Be2 Bxd5
16.Rxd5 a6 17.c3 b5 18.a3 Qb6 19.Rf1 Nd8 20.Nd4 Ne6 21.Qd2 Nxd4 22.Qxd4 Qxd4
23.Rxd4 Rc5 24.Bd1 g6 25.Bb3 Kg7 26.Rd3 Re5 27.Rdf3 f6 28.Bc2 h5 29.h3  1/2-1/2

[Event "ch-HUN Women"]
[Site "Budapest HUN"]
[Date "2000.07.22"]
[Round "2"]
[White "Vajda,S"]
[Black "Kiss,Fern"]
[Result "1-0"]
[WhiteElo "2282"]
[BlackElo "2238"]

1.e4 c5 2.Nf3 e6 3.d4 cxd4 4.Nxd4 Nc6 5.Nc3 a6 6.Be2 Qc7 7.O-O Nf6 8.Be3 b5
9.f4 b4 10.e5 bxc3 11.exf6 cxb2 12.fxg7 Bxg7 13.Rb1 Rb8 14.Kh1 Bb7 15.Rf2 Rg8
16.Rxb2 Na5 17.f5 Qc3 18.fxe6 dxe6 19.Nxe6 Qxe3 20.Nc7+ Ke7 21.Rxb7 Qxf2
22.Nd5+ Kd6 23.Ne3+ Ke6 24.Qd5+ Kf6 25.Rxf7+ Kg6  1-0

[Event "Politiken Cup"]
[Site "Copenhagen DEN"]
[Date "2000.07.22"]
[Round "6"]
[White "Hector,J"]
[Black "Eriksson,Joh"]
[Result "0-1"]
[WhiteElo "2509"]
[BlackElo "2369"]

1.e4 c5 2.Nf3 Nc6 3.Nc3 e6 4.d4 cxd4 5.Nxd4 d6 6.f4 Nf6 7.Nf3 Be7 8.Bd3 O-O
9.O-O a6 10.Qe1 Nb4 11.Kh1 b5 12.Be3 Bb7 13.a3 Nxd3 14.cxd3 Qd7 15.Nd4 Rfe8
16.Rf3 g6 17.Rh3 Ng4 18.Bg1 e5 19.Nc2 d5 20.fxe5 dxe4 21.d4 Nxe5 22.Qf1 Nd3
23.Rxh7 Bxa3 24.Rh3 Bxb2 25.Be3 Qf5 26.Ne2 Bxa1 27.Qxa1 Bd5 28.Kg1 Rac8 29.Qb1 b4
30.Ng3 Qf6 31.Rh6 b3 32.Nh5 Qf5  0-1

[Event "Open"]
[Site "Bergen NOR"]
[Date "2000.07.23"]
[Round "3"]
[White "Hersvik,D"]
[Black "Agopov,M"]
[Result "1/2-1/2"]
[WhiteElo "2172"]
[BlackElo "2399"]

1.e4 c5 2.Nf3 e6 3.d4 cxd4 4.Nxd4 Nc6 5.Nc3 Qc7 6.Be3 a6 7.Bd3 Nf6 8.O-O Ne5
9.h3 Bc5 10.f4 Nc6 11.Nce2 b5 12.c3 Bb7 13.a4 b4 14.Kh2 d6 15.Ng3 bxc3 16.bxc3 O-O
17.Nh5 Nxh5 18.Qxh5 e5 19.Nf5 Bxe3 20.Nxe3 Ne7 21.f5 f6 22.Rab1 Rab8 23.Rf3 Kh8
24.c4 Qd7 25.a5 Nc6 26.g4 Ba8 27.Rxb8 Rxb8 28.g5 Rb2+ 29.Kg1 Nb4 30.Nd5 Bxd5
31.exd5 Nxd3 32.Rxd3 fxg5 33.Qxg5 h6 34.Qh5 e4 35.Re3 Qa4 36.Re1 e3 37.Qg6 Qc2
38.Qe8+ Kh7 39.Qg6+ Kh8 40.Qe8+ Kh7  1/2-1/2

[Event "ch-HUN Women"]
[Site "Budapest HUN"]
[Date "2000.07.24"]
[Round "4"]
[White "Dembo,Y"]
[Black "Kiss,Fern"]
[Result "1-0"]
[WhiteElo "2322"]
[BlackElo "2238"]

1.e4 c5 2.Nf3 Nc6 3.Nc3 e6 4.d4 cxd4 5.Nxd4 Qc7 6.Be3 a6 7.Bd3 Nf6 8.O-O Bd6
9.h3 Bf4 10.Qd2 Bxe3 11.Qxe3 Qb6 12.Nf5 Qxe3 13.Nxe3 b5 14.f4 d6 15.Rad1 Bb7
16.a4 b4 17.Ne2 O-O-O 18.Rc1 Kb8 19.Rfd1 Na5 20.Ng3 h5 21.h4 Ng4 22.Ngf1 Nf6
23.Nd2 Nd7 24.Be2 Nc5 25.b3 Nc6 26.Bf3 e5 27.fxe5 Nxe5 28.Nd5 Bxd5 29.exd5 Rc8
30.a5 Rc7 31.Ne4 Nxf3+ 32.gxf3 Nxe4 33.fxe4 Rc5 34.Rd4 Rxa5 35.Rxb4+ Rb5
36.Ra4 Kb7 37.b4 a5 38.bxa5 Ka6 39.Rc4 Rd8 40.Rc6+ Kxa5 41.Ra1+ Kb4 42.c3+ Kb3
43.Rb1+ Ka4 44.Ra6+  1-0

[Event "KB Czech Open"]
[Site "Pardubice CZE"]
[Date "2000.07.25"]
[Round "5"]
[White "Moroz,A"]
[Black "Mirovshchikov,S"]
[Result "1/2-1/2"]
[WhiteElo "2515"]
[BlackElo "2375"]

1.e4 c5 2.Nf3 e6 3.d4 cxd4 4.Nxd4 Nc6 5.Nc3 d6 6.Be2 Nf6 7.O-O Be7 8.Kh1 O-O
9.f4 a6 10.a4 Qc7 11.Be3 Re8 12.a5 Nxa5 13.e5 Nd5 14.Nxe6 Bxe6 15.Nxd5 Bxd5
16.Qxd5 Nc6 17.e6 Bf6 18.f5 fxe6 19.fxe6 Nb4 20.Qd2 Qxc2 21.Bh5 Qxd2 22.Bxd2 Nd3
23.Bf7+ Kf8 24.Ra3 Ne5 25.Bxe8 Kxe8 26.Rh3 Ke7 27.Rxh7 Kxe6 28.Bc3 Rc8 29.h3 b5
30.g4 Rc4 31.g5 Bxg5 32.Rxg7 Be3 33.Ra1 b4 34.Bxe5 dxe5 35.Rxa6+ Kf5 36.Ra1 Rc2
37.Rg3 Bd4 38.Rf1+ Ke4 39.h4 Bxb2 40.Rg4+ Kd5 41.Rxb4 Bc1 42.Rf5 Ke6 43.Rh5 Bf4
44.Kg1 Ra2 45.Kf1 Rh2 46.Ra4 Rd2 47.Ra8 Rh2 48.Kg1 Rb2 49.Rf8 Be3+ 50.Kf1 Bf4
51.Rd8 Rh2 52.Rd3 Ra2 53.Rf3 Kf6 54.Rf2 Ra8 55.Rg2 Ra1+ 56.Ke2 Ra2+ 57.Kf3 e4+  1/2-1/2